First 200 Words of Harry Potter and the Chamber of Secrets - Statistics

General Stats
  • This quiz has been taken 6,874 times
  • The average score is 100 of 200
Answer Stats
Answer % Correct
a
97%
Harry
96%
I
94%
"I
94%
the
93%
he
91%
He
91%
an
85%
Dudley.
82%
"Dudley
82%
Dudley,...
82%
Vernon
82%
Vernon,
82%
"Do
81%
Petunia.
79%
Petunia,
79%
to
78%
in
77%
you
77%
you,
77%
Dursley
76%
her
76%
"We
75%
was
74%
on
71%
Uncle
69%
Aunt
68%
his
68%
at
67%
Not
67%
of
67%
said.
67%
said
67%
go!"
66%
that
66%
for
64%
owl,
64%
have
63%
let
62%
had
61%
out
60%
out."
60%
Drive.
59%
time,
59%
time
59%
look
58%
Privet
58%
"If
57%
If
57%
if
57%
want
57%
could
56%
room.
56%
first
55%
like
55%
night-"
54%
four,
53%
school
52%
this
52%
don't
51%
when
50%
just
49%
number
49%
were
48%
Mr.
46%
up
46%
can't
45%
from
44%
but
43%
know
42%
son,
41%
son.
41%
son?"
41%
been
40%
more
40%
stupid?"
40%
by
38%
must
38%
over
38%
with
38%
wife,
36%
breakfast
35%
went
35%
sound
34%
morning
33%
never
33%
noise
33%
argument
32%
Dursleys'
32%
it'll
32%
loud,
31%
loud
31%
bacon."
30%
food...."
30%
bored,"
29%
broken
29%
control
29%
got
29%
nephew
29%
"She's
28%
egg
27%
pan,
27%
early
26%
Harry's
26%
tried,
26%
tried
26%
flying
25%
happen
25%
hours
25%
table.
25%
"There's
25%
used
25%
woken
25%
around
24%
frying
24%
again,
23%
back
23%
bit
23%
eyes
23%
mustache.
23%
hungry
21%
outside.
21%
Smeltings,"
21%
week!"
21%
enough,
20%
explain.
20%
fried
20%
long,
20%
owl's
20%
while
20%
gets
19%
"Third
19%
what'll
19%
dark
18%
yet
18%
looks
17%
argue
16%
dangling
16%
hooting
16%
bushy
15%
words
15%
exchanged
14%
roared
14%
across
13%
belch
13%
chance....
13%
"Nonsense,
13%
sweetums,"
13%
we've
13%
drowned
12%
massive
10%
snarled
10%
misty
9%
turning
9%
build
7%
heartily.
6%
No matching quizzes found
Score Distribution
Percent of People with Each Score
Percentile by Number Answered
Your Score History
You have not taken this quiz